01945nam a2200337 i 4500003000900000005001700009007000300026008004100029020001500070040003000085082002300115100003700138240005600175245014000231264002800371300002900399336002700428337003400455338002800489490003500517500003600552504003000588520071200618590002701330700004001357710003901397910001401436942001401450952012601464999001701590DO-SdBNP20240703150524.0ta240703s2003 mx 000 0 spa d a9681670779 aDO-SdBNPbspacBNPHUerda a320.54 bB752g2221 aBouchard, Gérardeautor985941 aGenése des nations et cultures du nouveau Monde /10aGénesis de las naciones y culturas del nuevo mundo :bensayo de historia comparada /cGérard Bouchard ; traducción Mario Zamudio  1aMéxico :bFCE,c2003. a612 páginas, c21 cm. 2rdacontentatextobtxt 2rdamediaasin mediación bn 2rdacarrieravolumenbnc1 aSección de obras de historia aIncluye índice onomástico.  aBibliografía p: 509-571 aEn este libro, Gérard Bouchard confronta la génesis y el desarrollo de Quebec con las otras colectividades nuevas, también llamadas culturas fundadoras: América Latina, Norteamérica y Australia. ¿Cómo nace una sociedad? ¿Cómo se conforma el imaginario colectivo, cómo la cultura? ¿Cómo se organiza el Estado, la nación, la identidad? ¿Cuál es el peso del lazo colonial y cómo se transforma a medida que se afirman las nuevas identidades continentales? Para contestar estas preguntas el autor emprende un doble camino que analiza tanto las trayectorias históricas como las representaciones que las culturas del Nuevo Mundo han elaborado para alimentar el imaginario colectivo.  aInventariado, 2024/ YL1 aZamudio, Marioetraducción985944 aFondo de Cultura Económica99178 aYLockward 2ddccLBS1 00102ddc56708GRaBNPHUbBNPHUcCTd2023-08-04eDonación l0o320.54 B752gp2024-4055r2024-07-03w2024-07-03yLBS1 c57135d57135